| 000 | 00875na a2200277 4500 | ||
|---|---|---|---|
| 001 | 14092 | ||
| 003 | MIRAKIL | ||
| 005 | 20181213155020.0 | ||
| 008 | 161101b tu 000 0 | ||
| 020 | _a9758915101 | ||
| 035 | _a14092 | ||
| 040 |
_aMilas _btur _cTR-AnCHP |
||
| 041 | _atur | ||
| 082 |
_a923.5 Oğuz,İ.H. _bO38a 2007 |
||
| 090 | _a923.5 Oğuz,İ.H. O38a 2007 | ||
| 100 | _aOğuz, İsmail Hakkı | ||
| 245 |
_aAğla yüreğim _bAnadolu devrimcisinin not defterinden _cİsmail Hakkı Oğuz |
||
| 246 | _aAnadolu devrimcisinin not defterinden | ||
| 260 |
_aİstanbul _bGita Yayınları _c2007 |
||
| 300 |
_a569 s. _bres. _c19 sm. |
||
| 600 |
_aOguz, İsmail Hakkı _d1925- _xYaşamöyküsü |
||
| 650 |
_aSiyasal yaşam _xAnılar _zTürkiye |
||
| 650 |
_aAskeri eğitim _xAnılar |
||
| 740 | _aAnadolu devrimcisinin not defterinden | ||
| 942 |
_2ddc _cBKS |
||
| 999 |
_c4846 _d4846 |
||